LEADER 01346nam a2200289 u 4500 001 000000114126 003 CaOOAMICUS 005 20081215165627.0 008 081215s2008 vc u000 u ita r 020 $z978-88-6032-085-8* 040 $aPUL$bita$dLDB 100 1 $aCasini, Carlo.$0(OLS)http://pul/name/28217 245 10$aEluana è tutti noi :$bperché una legge e perché no al "testamento biologico" /$cCarlo Casini, Marina Casini, Maria Luisa Di Pietro. 260 $aFirenze :$bSocietà editrice fiorentina,$cc2008. 300 $a220 p. ;$c20 cm. 490 1 $aEtica e bioetica 504 $aBibliografia in nota. 650 14$aEutanasia.$0(OLS)http://pul/subject/13910 700 1 $aDi Pietro, Maria Luisa.$0(OLS)http://pul/name/32006 700 1 $aCasini, Marina.$0(OLS)http://pul/name/70396 830 0$aEtica e bioetica.$0(OLS)http://pul/title/143418 850 $aPUL 852 $aPUL$W1$xSL Diritto e Scienze Sociali 3$y79$m344. 45 CASCA 2$j130408$qDDC 21$B129480$CPULBib$Z2$F129480 $H108896 $82 941 1 $a9 996 $6020$z978-88-6032-085-8*$9(OLS)http://pul/number/139332 996 $6245$aEluana è tutti noi :$bperché una legge e perché no al "testamento biologico"$9(OLS)http://pul/title/143417 996 $6260$aFirenze :$bSocietà editrice fiorentina$9(OLS)http://pul/publisher/52742 LEADER 01178nam a2200301 a 4500 001 000000148129 003 CaOOAMICUS 005 20151214112335.0 008 151214s2003 xxu u000 u eng r 020 $z9780195178555* 032 $aLibriCat 040 $aPUL$bita 082 04$a155.9 100 1 $aMurphy, Jeffrie G.$0(OLS)http://pul/name/94609 245 10$aGetting even :$bforgiveness and its limits /$cJeffrie G. Murphy. 260 $aOxford ;$aNew York :$bOxford University Press,$c©2003. 300 $aix, 138 p. ;$c22 cm. 500 $aInclude indice. 504 $aBibliografia p. 119-124. 650 4$aPerdono.$0(OLS)http://pul/subject/20240 850 $aPUL 852 $aPUL$W1$xSL Filosofia 3$y81$m155. 9 MURJE 1$j170877$qDDC 21$B171961$CPULBib$Z2$F171961 $H126735 $81 941 1 $a9 996 $6020$z9780195178555*$9(OLS)http://pul/number/159287 996 $6082$a155.9$9(OLS)http://pul/classification/2875 996 $6245$aGetting even :$bforgiveness and its limits$9(OLS)http://pul/title/186913 996 $6260$aOxford ;$aNew York :$bOxford University Press$9(OLS)http://pul/publisher/74678 LEADER 01516nam a2200301 a 4500 001 000000156248 003 CaOOAMICUS 005 20161115102343.0 008 161115s1961 it u000 u ger r 032 $aLibriCat 040 $aPUL$bita 100 1 $aSchneider, Bruno,$cO.Cist.$0(OLS)http://pul/name/99580 245 10$aCiteaux und die benediktinische Tradition :$bdie Quellenfrage des Liber usuum im Lichte der Consuetudines monasticae /$cBruno Schneider S.O. Cist. 260 $aRoma :$bEditiones Cistercienses,$c1961. 300 $a137 p. ;$c27 cm. 500 $aIn testa al front.: Pontificium Athenaeum Anselmianum. Facultas Theologica. 502 $aTesi -- Pontificii Athenaei Anselmiani. Facultate Theologica. 1961. 504 $aBibliografia in nota. 610 24$aBenedettini.$0(OLS)http://pul/subject/982 610 24$aCiteaux (abbazia cisterciense).$0(OLS)http://pul/subject/18980 710 2 $aPontificio ateneo S. Anselmo.$bFacoltà di teologia.$kTesi.$0(OLS)http://pul/name/82348 850 $aPUL 852 $aPUL$W1$xDP1 Tesi Pon. At. S. Anselmo$y29$mTH ANS 74$j179462$qTesi$B182631$CPULBib$Z2$F182631 $H21044 $81 941 1 $a16 960 $aOrdine dei Benedettini$9982 996 $6245$aCiteaux und die benediktinische Tradition :$bdie Quellenfrage des Liber usuum im Lichte der Consuetudines monasticae$9(OLS)http://pul/title/195870 996 $6260$aRoma :$bEditiones Cistercienses$9(OLS)http://pul/publisher/52508